000 00895nam a2200349Ia 4500
001 21447
005 20240114000558.0
007 ta
008 170805s2003 ii a g b000 u 465 u
020 _a81-203-1737-8
040 _aCotton College,Assam
041 _a465
082 _a512.02
_bSh 59 Ab
100 _aSheth, I.H. .
245 0 _aAbstract Algebra /
_cI.H. Sheth.
_hTextual Documents
250 _a1st ed. /
260 _aNew Delhi :
_bPrentice-Hall of India(Pvt Ltd) ,
_c2003.
300 _axv, 330p. :
_bill ;
_c22cm .
504 _aIndex
653 _aMathematics-Algebra
653 _aAlgebra
653 _aG-Mathematics
653 _aPG-Mathematics
653 _aDeptt.-Mathematics
942 _2ddc
_cBK
999 _c21429
_d21429